000 00837nam a22002297a 4500
003 UA-OsUOA
001 74860
007 ta
008 20110418b un ||||| |||| 00| 0 ukr d
100 _aСвідерський Є.
700 _aСвідерський Д.
090 _a657
_bС24
942 _cSA
040 _aUA-OsUOA
_bukr
_cUA-OsUOA
_dUA-OsUOA
245 _aУдосконалення методики бухгалтерського обліку податку на прибуток згідно з Податковим кодексом України
300 _aС.3-8
955 _a0
041 _aukr
080 _a657
773 0 _w74859
_tБухгалтерський облік і аудит
_dК.
_d2011
_g3
650 7 _a657 Бухгалтерія. Бухгалтерський облік. Рахівництво
_2UDC
999 _c361154
_d361154